000 00573nam a22001697a 4500
999 _c192727
_d192727
010 _aENG-135264
020 _a9788193124906
_c204.00
035 _aEN-118796
037 _bDBAD/PUB
082 _a363.20954
245 _aPrime Minister's Silver Cup essay Competition:
_bPrize winning Essays (1986-2015)/
260 _aHyderabad
_bSardar Vallabhbhai Patel National police Academy
_c2017
270 _bHyderabad
_e500052
_aShivrampally,
300 _a564p.
_c22cm(Hb)
500 _aSanskriti-NEICR:Decennial Year 2017
942 _2ddc
_cEN
_h363.20954
_mPRI